| 000 | 00771nam a2200241 u 4500 | ||
|---|---|---|---|
| 001 | 000042398 | ||
| 005 | 20200120222406.0 | ||
| 008 | 101013s1985 ck r 000 0 spa d | ||
| 043 | _as-ck--- | ||
| 082 | 0 | 4 |
_a851.1 _bC17es _221 |
| 100 | 1 | _aCaro, Miguel Antonio | |
| 245 | 1 | 0 |
_aEstudios Virgilianos : _bPrimera serie / _cMiguel Antonio Caro. |
| 250 | _a1a. ed. | ||
| 260 |
_aBogotá : _bInstituto Caro y Cuervo, _c1985. |
||
| 300 | _a504 p. | ||
| 490 | 0 |
_aBiblioteca colombiana _n24 |
|
| 490 | 0 |
_aObras completas de Miguel Antonio Caro _n4 |
|
| 500 | _a3 tomos Donación del Instituto Caro y Cuervo | ||
| 505 |
_gPrimera serie _gSegunda serie _gTercera serie |
||
| 650 | 2 | 7 | _aCrítica e interpretación |
| 650 | 2 | 7 | _aHistoria y crítica |
| 650 | 1 | 7 | _aLiteratura italina |
| 999 |
_c2616 _d2616 |
||